Responses for Show #2001 - Monday, April 26, 1993

Contestants

[<< previous game]

Richard Beaton, a prep school teacher from St. Petersburg, Florida

Robert Brewer, a lawyer originally from Santa Monica, California

Carl Courant, an economist from New York City, New York (whose 2-day cash winnings total $24,500)

[next game >>]

Jeopardy! Round responses

POLITICAL TERMS
THE MOVIES
MUSICAL INSTRUMENTS
AROUND THE WORLD
FOOD
POTPOURRI
    $100 4
Spartacus

Richard
    $100 15
The Taming of the Shrew

Robert
    $100 1
a zither

Carl
    $100 9
England

Richard
    $100 19
(Robert: What is brioche?)

a scone

Robert
Triple Stumper
    $100 22
(Carl: What is an earthquake?)
(Richard: What is a volcanic eruption.)

a hurricane

CarlRobertRichard
    $200 5
a Yankee

Carl
    $200 16
Westworld

Robert
    $200 2
a bass

Robert
    $200 10
Mexico

Richard
    $200 20
iceberg

Carl
    $200 23
Buffalo Bill

Robert
    $300 7
Iran

Carl
    $300 17
Summertime

Triple Stumper
    $300 3
a pipe organ (an organ)

Richard
    $300 13
Ireland

Richard
    $300 27
mustard

Richard
    $300 24
again

Carl
    $400 11
Spain

Robert
    $400 18
Reds

Richard
    $400 6
a bell

Robert
    $400 14
the Soviet Union

Robert
    $400 28
corn

Richard
    $400 25
the AIDS Quilt

Richard
    $500 12
bridges

Richard
    $500 26
Baron Munchausen

Richard
    $500 8
a sitar

Richard
    $800 21
the Netherlands

Carl
    $500 29
pectin

Richard
    $500 30
the Dalai Lama

Carl

Scores at the first commercial break (after clue 15):

Carl Robert Richard
$600 $1,500 $2,000

Scores at the end of the Jeopardy! Round:

Carl Robert Richard
$2,300 $1,900 $4,400

Double Jeopardy! Round responses

U.S. HISTORY
OLD TESTAMENT
COLLEGES & UNIVERSITIES
EXPLORATION
CHILDREN'S LITERATURE
FILE UNDER "Z"
    $200 2
NATO

Robert
    $200 11
Moses

Richard
    $200 10
Harvard

Robert
    $200 8
the Silk Road

Richard
    $200 26
elephants

Richard
    $200 1
zucchini

Richard
    $400 4
Seward

Richard
    $400 15
Solomon

Triple Stumper
    $400 19
the Air Force Academy

Richard
    $400 9
the Cape of Good Hope

Carl
    $400 27
Hans Christian Andersen

Carl
    $400 3
Zero

Richard
    $600 5
the Seminoles (the Seminole Wars)

Richard
    $2,000 16
(Robert: Who is... Jonah?)

Lot

Robert
    $600 23
(Alex: Carl, we've got about a minute to go.)

Purdue

Triple Stumper
    $600 12
(Carl: What is La Paz?)

Bogotá

CarlRobert
    $600 28
[The end-of-round signal sounds.]

a nightingale

Robert
    $600 20
Zaire

Richard
    $800 6
Aaron Burr

Richard
    $800 17
a judge

Triple Stumper
    $800 24
Penn State

Carl
    $800 13
Verrazano

Richard
    $800 21
zest

Richard
    $2,800 7
Andrew Carnegie

Richard
    $1000 18
(King) Saul

Triple Stumper
    $1000 25
(Robert: What is Penn?)

Miami of Ohio

Robert
Triple Stumper
    $1000 14
(Carl: Who is Ross?)

(Captain James) Cook

CarlRobert
    $1000 22
Zeno

Carl

Scores at the end of the Double Jeopardy! Round:

Carl Robert Richard
$3,300 $1,500 $12,800
(lock game)

[wagering suggestions for these scores]

Final Jeopardy! Round responses

HOLIDAYS & OBSERVANCES
RobertWhat is Labor Day?
$1,400
CarlWhat is Labor Day?
$200
RichardWhat is Labor Day?
$6,000
Labor Day

Final scores:

Carl Robert Richard
$3,500 $2,900 $18,800
2nd place: Singer bedroom set + Dakotah bedding 3rd place: Panasonic mini component system + Wheel of Fortune & Jeopardy! for the Super Nintendo Entertainment System & Sega Genesis New champion: $18,800

Game dynamics:

Coryat scores:

Carl Robert Richard
$3,000 $3,500 $11,000
11 R
(including 1 DD),
3 W
13 R,
3 W
(including 1 DD)
26 R
(including 1 DD),
1 W

Combined Coryat: $17,500

[game clues] [game scores] [suggest correction]

Game tape date: 1992-12-15
The J! Archive is created by fans, for fans. Scraping, republication, monetization, and malicious use prohibited; this site may use cookies and collect identifying information. See terms. The Jeopardy! game show and all elements thereof, including but not limited to copyright and trademark thereto, are the property of Jeopardy Productions, Inc. and are protected under law. This website is not affiliated with, sponsored by, or operated by Jeopardy Productions, Inc. Join the discussion at JBoard.tv.